[Event "Chicago Open"]
[Site "Wheeling"]
[Date "2013.05.23"]
[Round "1.5"]
[White "Chandra, Akshat"]
[Black "Corrales Jimenez, Fidel"]
[Result "0-1"]
[WhiteElo "2270"]
[BlackElo "2604"]
[PlyCount "76"]
[EventDate "2013.05.??"]
[EventType "swiss"]
[EventRounds "9"]
[EventCountry "USA"]
[Source "MonRoi"]

1. e4 c5 2. Nf3 a6 3. c3 g6 4. d4 cxd4 5. cxd4 d5 6. Nc3 dxe4 7. Nxe4 Bg7 8.
Bc4 Nh6 9. O-O O-O 10. Qe2 Bg4 11. d5 Nf5 12. Qd3 Nd7 13. Bb3 Rc8 14. h3 Bxf3
15. Qxf3 Nd4 16. Qd1 Nc5 17. Nc3 Ncxb3 18. axb3 Qd7 19. Be3 Nf5 20. Qd3 Nxe3
21. fxe3 Rfd8 22. e4 Qd6 23. Kh1 Qb4 24. Qf3 Rf8 25. Na4 Bd4 26. Qd3 Be5 27.
Rfd1 Rc7 28. Qe3 Rc2 29. Rab1 b5 30. Nb6 Rd8 31. d6 exd6 32. Nd5 Qc5 33. Qg5
Rf8 34. Ne7+ Kh8 35. Rd5 Qf2 36. Rg1 Qf6 37. Rxe5 Qxe5 38. Qh4 g5 0-1

[Event "Chicago Open"]
[Site "Wheeling"]
[Date "2013.05.23"]
[Round "1.7"]
[White "Sharevich, Anna"]
[Black "Lenderman, Alex"]
[Result "0-1"]
[WhiteElo "2265"]
[BlackElo "2585"]
[PlyCount "64"]
[EventDate "2013.05.??"]
[EventType "swiss"]
[EventRounds "9"]
[EventCountry "USA"]
[Source "MonRoi"]

1. d4 Nf6 2. c4 e6 3. g3 d5 4. Bg2 Bb4+ 5. Bd2 Be7 6. Nf3 O-O 7. O-O c6 8. Qc2
b6 9. Bf4 Nbd7 10. cxd5 cxd5 11. Nc3 Bb7 12. Rac1 Rc8 13. Qb3 a6 14. Ne5 b5 15.
a4 b4 16. Na2 Qb6 17. Rfd1 a5 18. Nxd7 Nxd7 19. Qe3 h6 20. h4 Bf6 21. Qd2 b3
22. Nc3 Rc4 23. Be3 Qb4 24. f3 Nb6 25. Ra1 Rfc8 26. Bf2 R4c6 27. Qf4 Nc4 28.
Nb5 Nxb2 29. Rdb1 Nxa4 30. Na7 b2 31. Rxa4 Qxa4 32. Nxc6 Qa1 0-1

[Event "Chicago Open"]
[Site "Wheeling"]
[Date "2013.05.23"]
[Round "1.11"]
[White "Betaneli, Aleksandr"]
[Black "Shabalov, Alexander"]
[Result "1/2-1/2"]
[WhiteElo "2245"]
[BlackElo "2544"]
[PlyCount "89"]
[EventDate "2013.05.??"]
[EventType "swiss"]
[EventRounds "9"]
[EventCountry "USA"]
[Source "MonRoi"]

1. c4 b6 2. d4 e6 3. a3 f5 4. Nc3 Nf6 5. g3 Ba6 6. Bg2 c6 7. Qa4 Be7 8. Bf4 Qc8
9. d5 O-O 10. Nf3 Ne4 11. Nxe4 fxe4 12. Nd2 b5 13. cxb5 Bxb5 14. Qb3 exd5 15.
Bxe4 Qa6 16. Bf3 Qa4 17. Qxa4 Bxa4 18. Be5 Bg5 19. h4 Bh6 20. e3 Na6 21. Be2
Rae8 22. f4 Rxe5 23. fxe5 Nc5 24. b3 Bxb3 25. Rc1 Bxe3 26. Rf1 Ba4 27. Rxf8+
Kxf8 28. Rb1 Ke7 29. Rb8 Bd4 30. Nf3 Bc3+ 31. Kf1 d4 32. Bc4 Bd1 33. Ne1 Ne4
34. Bd3 Nxg3+ 35. Kf2 Nh5 36. Ng2 g6 37. Rh8 Ke6 38. Rxh7 Kxe5 39. Rxd7 Nf6 40.
Re7+ Kd6 41. Rg7 Ng4+ 42. Kf1 Nh2+ 43. Kf2 Ng4+ 44. Kf1 Nh2+ 45. Kf2 1/2-1/2

[Event "Chicago Open"]
[Site "Wheeling"]
[Date "2013.05.23"]
[Round "1.16"]
[White "Finegold, Benjamin"]
[Black "Cao, Kevin"]
[Result "1/2-1/2"]
[WhiteElo "2505"]
[BlackElo "2201"]
[PlyCount "201"]
[EventDate "2013.05.??"]
[EventType "swiss"]
[EventRounds "9"]
[EventCountry "USA"]
[Source "MonRoi"]

1. d4 d5 2. c4 e6 3. Nc3 Nf6 4. Bg5 Nbd7 5. e3 c6 6. cxd5 exd5 7. Bd3 Bd6 8.
Nge2 Nf8 9. Qa4 Bd7 10. e4 dxe4 11. Nxe4 Be7 12. Bxf6 gxf6 13. O-O Ng6 14. Nc5
Bc8 15. Rad1 O-O 16. Qc2 Kh8 17. Rfe1 Rg8 18. Ng3 b6 19. Nb3 Bg4 20. Rc1 Rc8
21. Bc4 Qf8 22. Ba6 Rc7 23. d5 Bd6 24. dxc6 Bf4 25. Ra1 Ne5 26. Qe4 Qh6 27. Nd4
Qg5 28. Be2 Bc8 29. Nf3 Qh6 30. Nxe5 fxe5 31. Bf3 f5 32. Qd5 Bxg3 33. hxg3 e4
34. Be2 Qxc6 35. Qd4+ Rgg7 36. Qd8+ Rg8 37. Qd4+ Rgg7 38. Rad1 h6 39. Qe5 Qe6
40. Rd8+ Kh7 41. Qf4 Qf6 42. Red1 Qg5 43. b3 Qxf4 44. gxf4 Bb7 45. Bc4 e3 46.
g3 Be4 47. Re1 exf2+ 48. Kxf2 Rgd7 49. Rd1 Rxd1 50. Rxd1 Kg7 51. Rd6 b5 52.
Bxb5 Rc2+ 53. Be2 Rxa2 54. Ra6 Rb2 55. Rxa7+ Kg6 56. Ra6+ Kg7 57. Rd6 Rxb3 58.
Bh5 Rb2+ 59. Ke3 Rb3+ 60. Kf2 Rb2+ 61. Ke3 Rb3+ 62. Kd4 Rd3+ 63. Ke5 Rxd6 64.
Kxd6 Kf6 65. Bd1 Bd3 66. Bb3 Bb5 67. Bd5 Be8 68. Bf3 Bf7 69. Kd7 Be6+ 70. Ke8
Bf7+ 71. Kf8 Be6 72. Ke8 Bf7+ 73. Kf8 Be6 74. Ke8 Bf7+ 75. Kd7 Be6+ 76. Kd6 Bc4
77. Bd5 Bb5 78. Kc5 Be8 79. Kd4 Bd7 80. Ke3 Be8 81. Kf2 Bd7 82. Kg2 Be8 83. Kh3
Kg6 84. Bc4 Kf6 85. Kh4 Bg6 86. Be2 Be8 87. Bd1 Kg7 88. Bc2 Kf6 89. Bd3 Bg6 90.
Bb5 Bf7 91. Bd7 Bg6 92. Bc6 Bf7 93. Bf3 Be8 94. Bh5 Bd7 95. Kh3 Bc6 96. Kh2 Bd5
97. Kg1 Be6 98. Kf2 Bd5 99. Ke3 Be6 100. Kd4 Bb3 101. Ke3 1/2-1/2

[Event "Chicago Open"]
[Site "Wheeling"]
[Date "2013.05.23"]
[Round "1.20"]
[White "Yang, Darwin"]
[Black "Bora, Safal"]
[Result "1-0"]
[WhiteElo "2485"]
[BlackElo "2195"]
[PlyCount "73"]
[EventDate "2013.05.??"]
[EventType "swiss"]
[EventRounds "9"]
[EventCountry "USA"]
[Source "MonRoi"]

1. d4 Nf6 2. c4 g6 3. f3 Nc6 4. d5 Ne5 5. e4 d6 6. Nc3 Bg7 7. f4 Ned7 8. Nf3
O-O 9. Bd3 c6 10. O-O cxd5 11. cxd5 b5 12. a3 Nc5 13. Bc2 Bb7 14. Be3 a5 15.
Bxc5 dxc5 16. Nxb5 Ba6 17. a4 Bxb5 18. axb5 Ng4 19. Qe2 Qb6 20. Kh1 c4 21. Rae1
Bxb2 22. Ba4 Bc3 23. Rc1 Bb4 24. Rxc4 Qe3 25. Qxe3 Nxe3 26. Rfc1 Nxc4 27. Rxc4
Rfc8 28. Rc6 Rxc6 29. dxc6 Bc5 30. Ne5 Rd8 31. Nc4 Rb8 32. h3 e6 33. Kh2 Kg7
34. b6 Bxb6 35. Nxb6 Rxb6 36. c7 Rb4 37. Bc6 1-0

[Event "Chicago Open"]
[Site "Wheeling"]
[Date "2013.05.23"]
[Round "1.21"]
[White "Wheeler, Cameron"]
[Black "Mitkov, Nikola"]
[Result "0-1"]
[WhiteElo "2193"]
[BlackElo "2484"]
[PlyCount "110"]
[EventDate "2013.05.??"]
[EventType "swiss"]
[EventRounds "9"]
[EventCountry "USA"]
[Source "MonRoi"]

1. c4 e5 2. g3 Nc6 3. Bg2 Bc5 4. Nc3 Nge7 5. a3 a6 6. e3 d6 7. Nge2 Ba7 8. O-O
O-O 9. b4 Be6 10. Nd5 Qd7 11. Bb2 Nd8 12. d4 f6 13. Qc2 Ng6 14. f4 Bf5 15. e4
Bg4 16. Rad1 Ne6 17. c5 Nxd4 18. Bxd4 exd4 19. Rxd4 Kh8 20. Ne3 Bxe2 21. Qxe2
Qb5 22. Qxb5 axb5 23. Rc1 dxc5 24. bxc5 Rfd8 25. Rxd8+ Rxd8 26. Rc3 c6 27. Kf2
Ne7 28. Ke2 g6 29. Nc2 f5 30. e5 Kg7 31. Nb4 Kf7 32. Bf3 Ke6 33. Ke3 h6 34. h4
Rd7 35. Rc1 Rd8 36. Rc2 Kf7 37. Rc3 Ke6 38. Rc2 Kf7 39. Rc1 Ra8 40. Rc3 Ke8 41.
h5 g5 42. Be2 Rd8 43. Bd3 Kf8 44. Ke2 Kf7 45. Bc2 Rd4 46. Ke3 Rd8 47. Ke2 Kg7
48. Bb1 Rd4 49. Ke3 Rd1 50. Bd3 Rh1 51. Be2 Rh2 52. Rc2 g4 53. a4 bxa4 54. Kd4
Rg2 55. Ra2 Nc8 0-1

[Event "Chicago Open"]
[Site "Wheeling"]
[Date "2013.05.24"]
[Round "2.1"]
[White "So, Wesley"]
[Black "Fernandez, Daniel"]
[Result "1-0"]
[WhiteElo "2705"]
[BlackElo "2396"]
[PlyCount "53"]
[EventDate "2013.05.??"]
[EventType "swiss"]
[EventRounds "9"]
[EventCountry "USA"]
[Source "MonRoi"]

1. d4 d5 2. c4 c6 3. Nc3 Nf6 4. e3 a6 5. Nf3 b5 6. b3 Bg4 7. Be2 e6 8. h3 Bh5
9. g4 Bg6 10. Ne5 Bb4 11. Bd2 Bxc3 12. Bxc3 Ne4 13. Rc1 Qh4 14. Rh2 O-O 15.
cxd5 cxd5 16. Bb4 Re8 17. Rc7 a5 18. Be7 Ng5 19. Bxb5 Na6 20. Bxg5 Qxg5 21. h4
Qd8 22. Rc1 Rf8 23. h5 Be4 24. f3 Qd6 25. Qd2 f6 26. Nd7 Bd3 27. Bxa6 1-0

[Event "Chicago Open"]
[Site "Wheeling"]
[Date "2013.05.24"]
[Round "2.2"]
[White "Mulyar, Michael"]
[Black "Zherebukh, Yaroslav"]
[Result "1/2-1/2"]
[WhiteElo "2383"]
[BlackElo "2629"]
[PlyCount "75"]
[EventDate "2013.05.??"]
[EventType "swiss"]
[EventRounds "9"]
[EventCountry "USA"]
[Source "MonRoi"]

1. d4 Nf6 2. c4 g6 3. Nc3 d5 4. Nf3 Bg7 5. cxd5 Nxd5 6. e4 Nxc3 7. bxc3 c5 8.
Rb1 O-O 9. Be2 b6 10. O-O Bb7 11. Qc2 cxd4 12. cxd4 Qd6 13. Be3 Rc8 14. Qd3 e6
15. Rfd1 Nc6 16. Qd2 Na5 17. Bf4 Qa3 18. d5 Rd8 19. Bc7 Rd7 20. d6 Bxe4 21. Bb5
Bxb1 22. Bxd7 Bxa2 23. Bc8 Rxc8 24. d7 Ra8 25. d8=Q+ Rxd8 26. Qxd8+ Qf8 27. Rd7
Nc6 28. Qxf8+ Kxf8 29. Bd6+ Ke8 30. Rc7 Bd5 31. Ng5 Bd4 32. Nxf7 b5 33. Bg3 b4
34. Nd6+ Kf8 35. Bf4 h5 36. Rc8+ Ke7 37. Rc7+ Kf8 38. Rc8+ 1/2-1/2

[Event "Chicago Open"]
[Site "Wheeling"]
[Date "2013.05.24"]
[Round "2.4"]
[White "Corrales Jimenez, Fidel"]
[Black "Young, Angelo"]
[Result "1-0"]
[WhiteElo "2604"]
[BlackElo "2330"]
[PlyCount "115"]
[EventDate "2013.05.??"]
[EventType "swiss"]
[EventRounds "9"]
[EventCountry "USA"]
[Source "MonRoi"]

1. e4 e6 2. d4 d5 3. e5 c5 4. c3 Nc6 5. Nf3 Qb6 6. a3 c4 7. Be2 Bd7 8. O-O Na5
9. Nbd2 Ne7 10. Rb1 Rc8 11. Re1 h6 12. h4 g6 13. h5 Bg7 14. Nh2 Nf5 15. Bg4 Qd8
16. Bh3 Rc6 17. Qg4 Kf8 18. hxg6 h5 19. Qf3 fxg6 20. Bxf5 gxf5 21. Qh3 Qe8 22.
Ndf3 Nb3 23. Bg5 Qg6 24. Qh4 Kg8 25. Re3 f4 26. Ree1 Rc8 27. Bxf4 Rf8 28. Bg5
Be8 29. Rbd1 Rf5 30. Re2 Rh7 31. Rde1 a5 32. Bd8 Bh6 33. Qh3 Rhf7 34. Nh4 Qh7
35. Nxf5 Rxf5 36. Nf3 Nc1 37. Re3 Nd3 38. Nh4 Nxf2 39. Qg3+ Ng4 40. Nxf5 Qxf5
41. Rf3 Qc2 42. Qh4 Bg6 43. Bg5 Bg7 44. Bc1 Be4 45. Ref1 Bxf3 46. gxf3 Nh6 47.
Bxh6 Bxh6 48. Qd8+ Kh7 49. Qe7+ Kh8 50. Qf6+ Kh7 51. Qf7+ Kh8 52. Qxe6 Be3+ 53.
Kh1 Qd3 54. Qh3 Kg7 55. f4 Kf8 56. Qf3 Qd2 57. f5 h4 58. f6 1-0

[Event "Chicago Open"]
[Site "Wheeling"]
[Date "2013.05.24"]
[Round "2.5"]
[White "Lenderman, Alex"]
[Black "Homa, Seth"]
[Result "1-0"]
[WhiteElo "2585"]
[BlackElo "2307"]
[PlyCount "117"]
[EventDate "2013.05.??"]
[EventType "swiss"]
[EventRounds "9"]
[EventCountry "USA"]
[Source "MonRoi"]

1. d4 e6 2. c4 Nf6 3. Nc3 d5 4. cxd5 exd5 5. Bg5 c6 6. Qc2 Be7 7. e3 Nbd7 8.
Bd3 Nh5 9. Bxe7 Qxe7 10. Nge2 g6 11. O-O-O Nb6 12. Ng3 Ng7 13. Kb1 Bd7 14. h4
h5 15. Qb3 O-O 16. Ka1 Be6 17. Nge2 c5 18. Qa3 Rfc8 19. Nf4 Qf8 20. dxc5 Rxc5
21. Be2 Rac8 22. Qxa7 Qd6 23. Qa3 Qc7 24. Nd3 Rc4 25. Nb5 Qd7 26. Nd4 Ra8 27.
Ne5 Qc7 28. Nxc4 Rxa3 29. Nxa3 Qe7 30. Nab5 Na4 31. Rc1 Nc5 32. Nc3 b6 33. Bf3
Nf5 34. Nxd5 Qa7 35. Rc3 Bxd5 36. Bxd5 Nd6 37. f3 Qe7 38. e4 Qe5 39. Rd1 Qg3
40. b4 Na4 41. Rc2 b5 42. Bb3 Nb6 43. Rc5 Ndc4 44. Nxb5 Ne3 45. Rdc1 Qf4 46.
Kb1 Nxg2 47. Rc6 Qxf3 48. Rxg6+ Kf8 49. Rxb6 Qxe4+ 50. Kb2 Nf4 51. Rc7 Nd3+ 52.
Kc3 Ne5 53. Rb8+ Kg7 54. Bc2 Qe1+ 55. Kb3 Qxh4 56. Nd6 Qh3+ 57. Kb2 Qe6 58. Rb6
Qd5 59. Nf5+ 1-0

[Event "Chicago Open"]
[Site "Wheeling"]
[Date "2013.05.24"]
[Round "2.10"]
[White "Friedel, Joshua"]
[Black "Preotu, Razvan"]
[Result "1/2-1/2"]
[WhiteElo "2485"]
[BlackElo "2221"]
[PlyCount "117"]
[EventDate "2013.05.??"]
[EventType "swiss"]
[EventRounds "9"]
[EventCountry "USA"]
[Source "MonRoi"]

1. d4 Nf6 2. c4 g6 3. g3 Bg7 4. Bg2 O-O 5. Nc3 d6 6. Nf3 Nc6 7. O-O a6 8. Re1
Rb8 9. Rb1 Bf5 10. e4 Bg4 11. h3 Bxf3 12. Bxf3 e5 13. d5 Nd4 14. Be3 Nd7 15.
Bg2 c5 16. dxc6 bxc6 17. Bxd4 exd4 18. Ne2 c5 19. Nf4 a5 20. Nd5 Nb6 21. Nxb6
Qxb6 22. Bf1 Qc6 23. Bd3 Rb6 24. f4 Rfb8 25. Re2 Re8 26. Kh2 a4 27. Qf1 a3 28.
b3 Rb7 29. Rbe1 Rbe7 30. Qf3 f5 31. Kg2 fxe4 32. Bxe4 Qc7 33. h4 d3 34. Qxd3
Bd4 35. h5 Kg7 36. Qf3 Qc8 37. hxg6 hxg6 38. Bd3 Rxe2+ 39. Rxe2 Rxe2+ 40. Qxe2
Qc6+ 41. Kh2 Bf6 42. Qe6 Qc7 43. Qe4 Qf7 44. Kg2 g5 45. Qf5 gxf4 46. gxf4 Be7
47. Qg4+ Kf8 48. Kf3 Qf6 49. Qc8+ Kg7 50. Qd7 Qh4 51. Kg2 Kf8 52. Qc8+ Kg7 53.
Qf5 Qf6 54. Qh7+ Kf8 55. Kf3 Qh4 56. Qf5+ Kg7 57. Qg6+ Kf8 58. Be2 Qh1+ 59. Kf2
1/2-1/2

[Event "Chicago Open"]
[Site "Wheeling"]
[Date "2013.05.24"]
[Round "2.11"]
[White "Aaron, Deepak"]
[Black "Yang, Darwin"]
[Result "0-1"]
[WhiteElo "2257"]
[BlackElo "2485"]
[PlyCount "60"]
[EventDate "2013.05.??"]
[EventType "swiss"]
[EventRounds "9"]
[EventCountry "USA"]
[Source "MonRoi"]

1. e4 e6 2. d4 d5 3. Nc3 Bb4 4. Nge2 Nc6 5. a3 Ba5 6. b4 Bb6 7. e5 f6 8. Na4
fxe5 9. dxe5 Nge7 10. Nxb6 axb6 11. Bb2 O-O 12. g3 Ng6 13. f4 Nce7 14. h4 c5
15. Qd3 Nc6 16. c3 Ngxe5 17. fxe5 Nxe5 18. Qc2 Nf3+ 19. Kd1 e5 20. Bh3 d4 21.
cxd4 Bxh3 22. Rxh3 cxd4 23. Qe4 Qd7 24. g4 Qf7 25. Nc1 Rac8 26. a4 Ng5 27. hxg5
Qf1+ 28. Kd2 Qxh3 29. Qxe5 Rfe8 30. Qd5+ Kh8 0-1

[Event "Chicago Open"]
[Site "Wheeling"]
[Date "2013.05.24"]
[Round "2.12"]
[White "Mitkov, Nikola"]
[Black "Velikanov, Alexander"]
[Result "1-0"]
[WhiteElo "2484"]
[BlackElo "2210"]
[PlyCount "65"]
[EventDate "2013.05.??"]
[EventType "swiss"]
[EventRounds "9"]
[EventCountry "USA"]
[Source "MonRoi"]

1. e4 c5 2. Nc3 e6 3. Nf3 a6 4. d4 cxd4 5. Nxd4 Qc7 6. f4 b5 7. Bd3 Nc6 8. Nxc6
Qxc6 9. Qe2 Bc5 10. Be3 Bb7 11. O-O-O d6 12. Kb1 O-O-O 13. Bxc5 Qxc5 14. e5 d5
15. a4 b4 16. Na2 Qb6 17. a5 Qxa5 18. Qd2 Ne7 19. Nxb4 Qb6 20. Qc3+ Kd7 21. Qa3
Rb8 22. c4 a5 23. Nc2 Rhc8 24. f5 dxc4 25. Bxc4+ Bd5 26. Ne3 Rc5 27. f6 gxf6
28. exf6 Ke8 29. Bxd5 Nxd5 30. Nxd5 exd5 31. Rhe1+ Kf8 32. Rc1 Qb4 33. Qxb4 1-0

[Event "Chicago Open"]
[Site "Wheeling"]
[Date "2013.05.24"]
[Round "2.17"]
[White "Shabalov, Alexander"]
[Black "Griggs, Walker"]
[Result "1/2-1/2"]
[WhiteElo "2544"]
[BlackElo "2202"]
[PlyCount "98"]
[EventDate "2013.05.??"]
[EventType "swiss"]
[EventRounds "9"]
[EventCountry "USA"]
[Source "MonRoi"]

1. e4 c5 2. Nf3 d6 3. c3 Nf6 4. Bd3 Nc6 5. O-O e5 6. Bc2 a6 7. h3 d5 8. exd5
Qxd5 9. d3 Be7 10. Nbd2 b5 11. a4 Bb7 12. axb5 axb5 13. Rxa8+ Bxa8 14. Re1 O-O
15. Nf1 Rd8 16. Qe2 Re8 17. Ng3 h6 18. Qf1 Bf8 19. Ne4 Nd7 20. Nfd2 Na5 21. Bd1
f5 22. Ng3 Qf7 23. f4 exf4 24. Rxe8 Qxe8 25. Nxf5 Qe5 26. Nh4 Qe3+ 27. Qf2 g5
28. Nhf3 Qxd3 29. Qe1 Qg6 30. Nf1 Be4 31. h4 Nf6 32. hxg5 hxg5 33. N1d2 Bd5 34.
Qe5 Bh6 35. Qe7 Nb7 36. c4 bxc4 37. Ne5 Qg7 38. Qxg7+ Bxg7 39. Ndxc4 Nd7 40.
Bf3 Bxf3 41. Nxf3 Bf6 42. g3 Kf7 43. gxf4 gxf4 44. Bxf4 Ke6 45. Kf2 Kd5 46.
Nfd2 Nd8 47. Ke2 Ne6 48. Be3 Nd4+ 49. Kd3 Ne5+ 1/2-1/2

[Event "Chicago Open"]
[Site "Wheeling"]
[Date "2013.05.24"]
[Round "2.18"]
[White "Kavutskiy, Konstantin"]
[Black "Kekelidze, Mikheil"]
[Result "0-1"]
[WhiteElo "2268"]
[BlackElo "2509"]
[PlyCount "58"]
[EventDate "2013.05.??"]
[EventType "swiss"]
[EventRounds "9"]
[EventCountry "USA"]
[Source "MonRoi"]

1. d4 d5 2. c4 e6 3. Nf3 Nf6 4. g3 g6 5. Bg2 Bg7 6. O-O O-O 7. Qc2 c6 8. Nbd2
b5 9. cxb5 cxb5 10. Nb3 a5 11. Bf4 a4 12. Nc5 Na6 13. Rfc1 a3 14. bxa3 Nxc5 15.
Qxc5 Ne4 16. Qxb5 Ba6 17. Qb2 g5 18. Bc7 Qe7 19. Qb4 Rfe8 20. e3 Bc4 21. Qxe7
Rxe7 22. Ne5 Rxc7 23. Nxc4 Rac8 24. Bxe4 dxe4 25. Rab1 Rxc4 26. Rxc4 Rxc4 27.
Rb8+ Bf8 28. Rb5 f6 29. Ra5 Rc2 0-1

[Event "Chicago Open"]
[Site "Wheeling"]
[Date "2013.05.24"]
[Round "2.21"]
[White "Viswanadha, Kesav"]
[Black "Diamant, Andre"]
[Result "0-1"]
[WhiteElo "2168"]
[BlackElo "2479"]
[PlyCount "134"]
[EventDate "2013.05.??"]
[EventType "swiss"]
[EventRounds "9"]
[EventCountry "USA"]
[Source "MonRoi"]

1. e4 c5 2. Nf3 Nc6 3. d4 cxd4 4. Nxd4 Nf6 5. Nc3 d6 6. Bg5 e6 7. Qd2 Be7 8.
O-O-O a6 9. f4 Nxd4 10. Qxd4 b5 11. Bxf6 gxf6 12. Kb1 Rb8 13. f5 Qb6 14. Qd3
Bd7 15. Be2 h5 16. Bf3 b4 17. Ne2 e5 18. h4 a5 19. Ng3 a4 20. Nxh5 a3 21. b3
Qc5 22. g4 Rc8 23. Rhg1 Bb5 24. Qd2 Qc3 25. Qxc3 Rxc3 26. Rg3 Kd7 27. Rdg1 Re3
28. g5 fxg5 29. f6 Rxf3 30. Rxf3 Bd8 31. Rxg5 Bc6 32. Re3 Bb6 33. Re2 Ke6 34.
Re1 Bf2 35. Rf1 Bxh4 36. Ng7+ Kd7 37. Rg4 Bf2 38. Rg2 Bc5 39. Rg4 Rh2 40. Nf5
Re2 41. Ng3 Rg2 42. Rg7 Ke6 43. Rd1 Rf2 44. Rg4 Rf4 45. Rg8 Rxf6 46. Rd8 Rf2
47. Rh8 Rg2 48. Rh6+ Kd7 49. Nh5 Kc7 50. Nf6 Rf2 51. Re1 Rf3 52. Ng4 Rf4 53.
Nf6 Kb6 54. Kc1 Bd4 55. Nd5+ Bxd5 56. exd5 Kc5 57. Rhh1 f5 58. Ref1 Rxf1+ 59.
Rxf1 f4 60. Kd2 Kxd5 61. Ke2 Ke4 62. Rf3 Be3 63. Rh3 Kd4 64. Rh7 Kc3 65. Rb7
Bc5 66. Kd1 Kb2 67. Rb8 f3 0-1

[Event "Chicago Open"]
[Site "Wheeling"]
[Date "2013.05.24"]
[Round "2.22"]
[White "Krush, Irina"]
[Black "Applebaum, Andy"]
[Result "1-0"]
[WhiteElo "2470"]
[BlackElo "2105"]
[PlyCount "69"]
[EventDate "2013.05.??"]
[EventType "swiss"]
[EventRounds "9"]
[EventCountry "USA"]
[Source "MonRoi"]

1. c4 Nf6 2. Nc3 d5 3. cxd5 Nxd5 4. g3 g6 5. Bg2 Nb6 6. d3 Bg7 7. Be3 O-O 8.
Rc1 h6 9. Qd2 Kh7 10. h4 e5 11. a4 Nc6 12. Bxc6 bxc6 13. Nf3 Bg4 14. Qc2 Bxf3
15. exf3 Rb8 16. O-O f5 17. a5 Nd7 18. Na4 f4 19. Bxa7 Ra8 20. Bc5 Rf5 21. b4
Rh5 22. Kg2 Qf6 23. Qc4 g5 24. g4 Rxh4 25. Nc3 Nxc5 26. Qxc5 Qe6 27. Rfe1 Rd8
28. Qc4 Qc8 29. Kf1 Rd4 30. Qxc6 Rxb4 31. Nd5 Rb2 32. Ne7 Rh2 33. Re2 Qb8 34.
Rxb2 Qxb2 35. Qg6+ 1-0

[Event "Chicago Open"]
[Site "Wheeling"]
[Date "2013.05.24"]
[Round "2.23"]
[White "Schmakel, Sam"]
[Black "Gerzhoy, Leonid"]
[Result "1/2-1/2"]
[WhiteElo "2192"]
[BlackElo "2469"]
[PlyCount "148"]
[EventDate "2013.05.??"]
[EventType "swiss"]
[EventRounds "9"]
[EventCountry "USA"]
[Source "MonRoi"]

1. d4 d5 2. c4 e6 3. Nc3 c6 4. Nf3 dxc4 5. a4 Bb4 6. e3 b5 7. Bd2 a5 8. axb5
Bxc3 9. Bxc3 cxb5 10. b3 Bb7 11. bxc4 b4 12. Bb2 Nf6 13. Bd3 O-O 14. O-O Nbd7
15. Nd2 Qc7 16. Bc2 e5 17. Ba4 exd4 18. exd4 Qf4 19. Bb5 Rfd8 20. h3 Nf8 21.
Nb3 Ng6 22. f3 Qg5 23. Bc1 Qg3 24. Qe1 Qc7 25. f4 a4 26. Nc5 Rxd4 27. Nxb7 Qxb7
28. Qxb4 Nd5 29. Qb2 Ndxf4 30. Bxa4 Qe4 31. Bxf4 Nxf4 32. Rae1 Qg6 33. Kh1 h6
34. Bb5 Rad8 35. Re8+ Rxe8 36. Bxe8 Rxc4 37. Qb7 Qe6 38. Qb8 Kh7 39. Rxf4 Rxf4
40. Qxf4 Qxe8 41. Kh2 g5 42. Qd4 Qe6 43. Qd3+ Kg7 44. g4 Qg6 45. Qe3 h5 46. Qf3
Qf6 47. Qe2 hxg4 48. hxg4 Qd4 49. Kh3 Qc3+ 50. Kg2 Qc6+ 51. Kg3 Qd5 52. Qe3 Kf6
53. Qb6+ Ke7 54. Qc7+ Ke6 55. Qc8+ Kf6 56. Qa6+ Ke7 57. Qa4 Qd3+ 58. Kg2 Qe2+
59. Kg3 Qe3+ 60. Kg2 f6 61. Qc4 Qe6 62. Qc7+ Qd7 63. Qc4 Qd2+ 64. Kg3 Qd6+ 65.
Kg2 Qe6 66. Qb4+ Qd6 67. Qe4+ Qe6 68. Qb4+ Kd7 69. Qb7+ Ke8 70. Qb8+ Kf7 71.
Qb4 Kg6 72. Qa4 Qe2+ 73. Kg3 Kh6 74. Qb4 Qe5+ 1/2-1/2

[Event "Chicago Open"]
[Site "Wheeling"]
[Date "2013.05.24"]
[Round "3.3"]
[White "Yang, Darwin"]
[Black "Corrales Jimenez, Fidel"]
[Result "1/2-1/2"]
[WhiteElo "2485"]
[BlackElo "2604"]
[PlyCount "74"]
[EventDate "2013.05.??"]
[EventType "swiss"]
[EventRounds "9"]
[EventCountry "USA"]
[Source "MonRoi"]

1. d4 Nf6 2. c4 e6 3. Nc3 Bb4 4. e3 O-O 5. Nge2 d5 6. a3 Be7 7. cxd5 exd5 8.
Nf4 a5 9. Bd3 c6 10. O-O Re8 11. f3 b6 12. Bc2 Ra7 13. Kh1 Ba6 14. Re1 Rd7 15.
Rb1 Bd6 16. Bd2 Bf8 17. Nd3 Bd6 18. Nf4 g6 19. g3 Bf8 20. Kg2 Rde7 21. b4 axb4
22. axb4 Bc8 23. b5 c5 24. dxc5 bxc5 25. e4 dxe4 26. Nxe4 Nxe4 27. Bxe4 Rd7 28.
Rb2 Bg7 29. Rc2 Bd4 30. Qc1 Bb7 31. Bxb7 Rxb7 32. Ne2 Bg7 33. Rxc5 Bf8 34. Rc4
Rxb5 35. Nd4 Rd5 36. Rxe8 Qxe8 37. Rc8 Rd8 1/2-1/2

[Event "Chicago Open"]
[Site "Wheeling"]
[Date "2013.05.24"]
[Round "3.4"]
[White "Bryant, John"]
[Black "Lenderman, Alex"]
[Result "0-1"]
[WhiteElo "2442"]
[BlackElo "2585"]
[PlyCount "110"]
[EventDate "2013.05.??"]
[EventType "swiss"]
[EventRounds "9"]
[EventCountry "USA"]
[Source "MonRoi"]

1. e4 c6 2. d4 d5 3. Nc3 dxe4 4. Nxe4 Bf5 5. Ng3 Bg6 6. Nf3 Nd7 7. h4 h6 8. h5
Bh7 9. Bd3 Bxd3 10. Qxd3 e6 11. Bd2 Ngf6 12. O-O-O Be7 13. Qe2 c5 14. dxc5 Qc7
15. Kb1 Nxc5 16. Qb5+ Ncd7 17. Rhe1 Rc8 18. Bc3 a6 19. Qe2 O-O 20. Ne5 Nc5 21.
Ng4 Rfd8 22. Be5 Qc6 23. Bxf6 Bxf6 24. Nxf6+ gxf6 25. Rxd8+ Rxd8 26. Qg4+ Kh7
27. b3 f5 28. Qh4 Rd2 29. Qf6 Kg8 30. Qc3 Rxf2 31. Rd1 Nd7 32. Qxc6 bxc6 33.
Rxd7 Rxg2 34. Nxf5 exf5 35. Rd6 Kg7 36. Rxc6 Rg5 37. Kc1 Rxh5 38. Kd2 Rh2+ 39.
Ke3 Rg2 40. a4 h5 41. Kf4 h4 42. Kxf5 h3 43. Rc3 Rf2+ 44. Kg4 h2 45. Rh3 Rxc2
46. Kf5 Rb2 47. Rg3+ Kf8 48. Rh3 Ke7 49. Ke5 a5 50. Rh6 Kf8 51. Kf6 Rf2+ 52.
Kg5 Ke7 53. Kg4 f6 54. Kg3 Rb2 55. Rxh2 Rxh2 0-1

[Event "Chicago Open"]
[Site "Wheeling"]
[Date "2013.05.24"]
[Round "3.6"]
[White "Zherebukh, Yaroslav"]
[Black "Troff, Kayden"]
[Result "1-0"]
[WhiteElo "2629"]
[BlackElo "2421"]
[PlyCount "97"]
[EventDate "2013.05.??"]
[EventType "swiss"]
[EventRounds "9"]
[EventCountry "USA"]
[Source "MonRoi"]

1. d4 Nf6 2. Bg5 e6 3. Nf3 h6 4. Bh4 Be7 5. Nbd2 c5 6. e3 d5 7. c3 Nc6 8. Bd3
Nd7 9. Bg3 b6 10. e4 dxe4 11. Nxe4 cxd4 12. Bb5 Bb7 13. Qa4 Rc8 14. Nxd4 Nxd4
15. Qxd4 O-O 16. Bxd7 Bxe4 17. Rd1 Bd5 18. Bxc8 Qxc8 19. Qa4 Qb7 20. f3 b5 21.
Qc2 Rc8 22. O-O b4 23. Qa4 b3 24. axb3 Bc6 25. Qa2 a5 26. Qxa5 Qxb3 27. Bd6 Bg5
28. Qb4 Qc2 29. c4 Be3+ 30. Kh1 Ba4 31. Bc7 Kh7 32. Qb7 Re8 33. Be5 Kg8 34. Bc3
Qg6 35. b3 Qc2 36. bxa4 Qxc3 37. Qc7 Bg5 38. c5 Ra8 39. f4 Bf6 40. Rc1 Qd3 41.
c6 Bd8 42. Qb7 Rxa4 43. Rcd1 Rxf4 44. Rg1 Qc4 45. Rxd8+ Kh7 46. Qb1+ f5 47. Qc1
Qb4 48. c7 Rh4 49. Rf1 1-0

[Event "Chicago Open"]
[Site "Wheeling"]
[Date "2013.05.24"]
[Round "3.8"]
[White "Kekelidze, Mikheil"]
[Black "Mulyar, Michael"]
[Result "1/2-1/2"]
[WhiteElo "2509"]
[BlackElo "2383"]
[PlyCount "100"]
[EventDate "2013.05.??"]
[EventType "swiss"]
[EventRounds "9"]
[EventCountry "USA"]
[Source "MonRoi"]

1. d4 d5 2. Bf4 Nf6 3. e3 g6 4. Nd2 Bg7 5. Ngf3 O-O 6. h3 c5 7. c3 b6 8. Be2
Bb7 9. O-O Nbd7 10. a4 a6 11. Ne5 Nxe5 12. Bxe5 Nd7 13. Bxg7 Kxg7 14. f4 e6 15.
Qe1 Qe7 16. Qg3 Nf6 17. h4 h5 18. Qg5 Rae8 19. a5 b5 20. Nb3 c4 21. Nc5 Ne4 22.
Nxe4 dxe4 23. Qg3 Qf6 24. b3 cxb3 25. c4 bxc4 26. Bxc4 Bd5 27. Bxd5 exd5 28. f5
Kh7 29. Rab1 Rb8 30. fxg6+ Qxg6 31. Qe5 f5 32. Rfc1 Rb7 33. Qxd5 Rg7 34. Rb2
Qg3 35. Qxb3 Rb8 36. Qxb8 Qxe3+ 37. Kh2 Qxc1 38. Rf2 e3 39. Rxf5 Rxg2+ 40. Kxg2
Qc2+ 41. Kf3 Qxf5+ 42. Kxe3 Qxa5 43. Qb1+ Kg7 44. Ke4 Kf6 45. Qf1+ Ke7 46. Qg1
Kf7 47. Qg3 Qb5 48. Qc7+ Ke6 49. Qc8+ Ke7 50. Qc7+ Ke6 1/2-1/2